Click the European Country on a Borderless Map - Sudden Death - Statistics

General Stats
  • This quiz has been taken 7,750 times
  • The average score is 16 of 45
Answers on the Map
Answers color-coded by a green-red scale on the quiz's map according to % correct below.
 
Answer Stats
Answer % Correct
Iceland
50%
Italy
49%
France
48%
Spain
48%
United Kingdom
48%
Denmark
47%
Greece
47%
Ireland
47%
Portugal
47%
Russia
47%
Sweden
47%
Finland
46%
Germany
46%
Norway
46%
Malta
44%
Poland
44%
Estonia
43%
Netherlands
41%
Ukraine
41%
Belgium
38%
Latvia
37%
Bulgaria
35%
Croatia
35%
Switzerland
35%
Albania
34%
Belarus
34%
Lithuania
33%
Romania
33%
Czech Republic
31%
Austria
29%
Bosnia and
Herzegovina
29%
Slovenia
29%
San Marino
28%
Andorra
27%
North
Macedonia
27%
Vatican City
27%
Moldova
26%
Monaco
26%
Luxembourg
25%
Serbia
25%
Hungary
23%
Montenegro
23%
Slovakia
22%
Liechtenstein
19%
Kosovo
18%
No matching quizzes found
Score Distribution
Percent of People with Each Score
Percentile by Number Answered
Your Score History
You have not taken this quiz